Reaching your potential: tap into your inner strength and discover the power to succeed (Record no. 591411)
[ view plain ]
| 000 -LEADER | |
|---|---|
| fixed length control field | 00646pam a2200205 a 4500 |
| 020 ## - INTERNATIONAL STANDARD BOOK NUMBER | |
| International Standard Book Number | 9788184959161 |
| 082 00 - DEWEY DECIMAL CLASSIFICATION NUMBER | |
| Classification number | 252.05732 |
| Author Mark | PEA |
| 100 1# - MAIN ENTRY--PERSONAL NAME | |
| Personal name | Peale, Norman Vincent, |
| 245 10 - TITLE STATEMENT | |
| Title | Reaching your potential: tap into your inner strength and discover the power to succeed |
| Statement of responsibility, etc. | Norman Vincent Peale. |
| 260 ## - PUBLICATION, DISTRIBUTION, ETC. | |
| Place of publication, distribution, etc. | Ahmedabad |
| Name of publisher, distributor, etc. | Jaico publishing |
| Date of publication, distribution, etc. | 2016 |
| 300 ## - PHYSICAL DESCRIPTION | |
| Extent | 172 p. ; |
| Dimensions | 21.5 cm. |
| 563 ## - BINDING INFORMATION | |
| Binding note | PB |
| 942 ## - ADDED ENTRY ELEMENTS (KOHA) | |
| Source of classification or shelving scheme | |
| Koha item type | Book |
| 650 #0 - SUBJECT ADDED ENTRY--TOPICAL TERM | |
| -- | 98915 |
| 650 #0 - SUBJECT ADDED ENTRY--TOPICAL TERM | |
| -- | 98916 |
| Withdrawn status | Lost status | Source of classification or shelving scheme | Materials specified (bound volume or other part) | Damaged status | Not for loan | Permanent Location | Current Location | Date acquired | Source of acquisition | Total Checkouts | Total Renewals | Full call number | Barcode | Date last seen | Price effective from | Koha item type |
|---|---|---|---|---|---|---|---|---|---|---|---|---|---|---|---|---|
| Donated by Muhammad Hamza BS Physics 2K21 SNS | Central Library (CL) | Central Library (CL) | 09/13/2022 | Donation | 1 | 252.05732 PEA | CL-D-1838 | 07/01/2025 | 09/13/2022 | Book |
